Japan unmasked

Αποθηκεύτηκε σε:
Λεπτομέρειες βιβλιογραφικής εγγραφής
Κύριος συγγραφέας: Abend, Hallett Edward
Μορφή: Βιβλίο
Γλώσσα:Undetermined
Έκδοση: New York I. Washburn, Inc. 1941
Θέματα:
Ετικέτες: Προσθήκη ετικέτας
Δεν υπάρχουν, Καταχωρήστε ετικέτα πρώτοι!
Thư viện lưu trữ: Trung tâm Học liệu Trường Đại học Cần Thơ
LEADER 00512nam a2200193Ia 4500
001 CTU_114438
008 210402s9999 xx 000 0 und d
082 |a 950 
082 |b A142 
100 |a Abend, Hallett Edward 
245 0 |a Japan unmasked 
245 0 |c Hallett Abend 
260 |a New York 
260 |b I. Washburn, Inc. 
260 |c 1941 
650 |a Eastern question (far east),Japan 
650 |x Foreign relations 
904 |i M.Loan 
980 |a Trung tâm Học liệu Trường Đại học Cần Thơ